000 00261nam a22001217a 4500
008 190226b xxu||||| |||| 00| 0 eng d
041 _aeng
080 _a338
100 _a53
101 _aSI
245 _aInformation Systems
_cGallaugher,J
942 _2udc
_cBK
999 _c54299
_d54299